Porovnanie nutričnej hodnoty biopotravín s konvenčnými potravinami

Porovnanie nutričnej hodnoty a rozdiely medzi vybranými druhmi konvenčných potravín a biopotravín. Ciele ekologického poľnohospodárstva a tvorba trvalo udržateľného systému manažmentu poľnohospodárstva. Rešpektovanie prírodných systémov a cyklov, udržiavanie a zvyšovanie zdravia pôdy, vody, rastlín,...

Description complète

Enregistré dans:
Détails bibliographiques
Auteur principal: Lacková, Alica
Format: Chapitre de livre
Langue:slovaque
Sujets:
Tags: Ajouter un tag
Pas de tags, Soyez le premier à ajouter un tag!

MARC

LEADER 00000nla a2200000 4500
001 0225528
005 20240502073710.8
041 0 |a slo 
044 |a SK 
245 1 0 |a Porovnanie nutričnej hodnoty biopotravín s konvenčnými potravinami  |c Alica Lacková 
520 |a Porovnanie nutričnej hodnoty a rozdiely medzi vybranými druhmi konvenčných potravín a biopotravín. Ciele ekologického poľnohospodárstva a tvorba trvalo udržateľného systému manažmentu poľnohospodárstva. Rešpektovanie prírodných systémov a cyklov, udržiavanie a zvyšovanie zdravia pôdy, vody, rastlín, zvierat a rovnováhy medzi nimi. 
610 2 0 |a potraviny 
610 2 0 |a biopotraviny 
610 2 0 |a kvalita potravín 
610 2 0 |a poľnohospodárstvo ekologické 
610 2 0 |a požiadavky na výrobky 
610 2 0 |a kvalita výrobkov 
610 2 0 |a hodnota 
100 1 |a Lacková, Alica